00341nam a2200133Ia 4500008004100000041000800041082001600049100001800065245004500083250001400128260002300142300003000165365001200195240624s9999 xx 000 0 und d aeng a303.482 DAD aDADDOW OLIVER aINTERNATIONAL RELATIONS THEORY THE ESSEN a(2nd ed.) c2013aLondonbSage avi, : 348 : p. : cm. ; 20 cGBPb38